Statistics for Country Names in a Grid

Click here to take the quiz!

General Stats

  • This quiz has been taken 279 times
  • The average score is 4 of 7

Answer Stats

ANSWER % Correct
Colombia
98%
Ghana
67%
Samoa
54%
Sweden
47%
El Salvador
45%
Turkmenistan
45%
Kiribati
40%

Score Distribution

Percentile by Number Answered

Percent of People with Each Score

Your Score History

You have not taken this quiz